000 00581nam a22001817a 4500
999 _c18116
_d18116
008 191205b xxu||||| |||| 00| 0 eng d
020 _a0753718926
040 _aKABU
_cKABU
050 _aTX765
_b.L49 2009 c. 1
100 _aLewis, Sara
245 _aQuick & easy kids' cakes
_b50 great cakes for children of all ages
_cSara Lewis
260 _aLondon
_bBounty Books
_c2009
300 _a144 p.
650 _aBaking
_xJuvenile literature
650 _aCooking
_xJuvenile literature
650 _aQuick and easy cooking
_xJuvenile literature
942 _2lcc
_cCC
_hTX765
_kJNR